Fr. Conceicao Rodrigues College of Engineering

Digital Control System (Record no. 18479)

MARC details
000 -LEADER
fixed length control field 00314nam a2200145Ia 4500
082 ## - DEWEY DECIMAL CLASSIFICATION NUMBER
Classification number 4.16
100 ## - MAIN ENTRY--PERSONAL NAME
Personal name Isermann/ Ref
245 ## - TITLE STATEMENT
Title Digital Control System
260 ## - PUBLICATION, DISTRIBUTION, ETC.
Name of publisher, distributor, etc. Narosa Pub House
Place of publication, distribution, etc. New Delhi
Date of publication, distribution, etc. 1993
490 ## - SERIES STATEMENT
Volume/sequential designation 1
546 ## - LANGUAGE NOTE
Language note ENGLISH
654 ## - SUBJECT ADDED ENTRY--FACETED TOPICAL TERMS
Focus term Digital Control System
942 ## - ADDED ENTRY ELEMENTS (KOHA)
Koha item type BOOK
Holdings
Withdrawn status Lost status Damaged status Not for loan Collection Home library Current library Date acquired Source of acquisition Cost, normal purchase price Total Checkouts Full call number Barcode Date last seen Cost, replacement price Price effective from Koha item type Inventory number
        CRC Fr. Agnel's C.Rodrigues College of Engineering Fr. Agnel's C.Rodrigues College of Engineering 17/03/2023 Narosa books 350.00   4.16 4969 17/03/2023 350.00 17/03/2023 BOOK  
        CRC Fr. Agnel's C.Rodrigues College of Engineering Fr. Agnel's C.Rodrigues College of Engineering 17/03/2023 Narosa books 350.00   4.16 4970 17/03/2023 350.00 30/11/1993 BOOK 8669 dt 30.11.93